000 00832nam a22002897a 4500
003 EG-GICUC
005 20260121101437.0
008 251207s1991 ua a|||fr|||| 000 0 eng d
040 _aEG-GiCUC
_bara
_cEG-GiCUC
_dEG-GiCUC
_erda
041 _aeng
082 0 4 _221
_a341
_bUN . O
092 0 4 _221
099 _aLaw1 11 341 UN . O 1991
110 _kUnited nations
_eAuthor.
245 1 0 _aObjective : justice
_cUnited nations.
264 1 _aNew york ;
_bUnited Nations,
_c1991.
300 _a66 pages ,
_c24 cm.
336 _2rda content
_atext
337 _2rda media
_aComputer
338 _2rda carrier
_aOnline Resource
546 _aText in English
650 1 4 _aInternational law
_2qrmak
651 1 _2qrmak
856 4 0 _uhttps://fll.law.cu.edu.eg/fulltext/bks/B11-06000.pdf
905 _a78
942 _2ddc
_cBK
_e21
_n0
999 _c48868
_d48868